00505nam a2200145Ia 4500008004100000020001800041082001200059100002700071245006400098260003100162500001600193942000700209952012800216999001500344260604s9999 xx 000 0 und d a9780691205526 a305 COR aCORTINA [ADELA]935647 0aAPOROPHOBIA: WHY WE REJECT THE POOR INSTEAD OF HELPING THEM bPRINCETON UNIVERSITY PRESS aAporophobia cBK 00104070aIIMVbIIMVcGENERALd2026-06-04g2671.24l0o305 CORp004089r2026-06-04 10:20:24v2671.24w2026-06-04yBKBCOR c8471d8471